CVAs and guarantee stripping (Record no. 82764)
[ view plain ]
| 000 -LEADER | |
|---|---|
| fixed length control field | 01547cad a22002415a 4500 |
| 001 - CONTROL NUMBER | |
| control field | L151315 |
| 008 - FIXED-LENGTH DATA ELEMENTS--GENERAL INFORMATION | |
| fixed length control field | 101019s2010 xxk 000 0 eng d |
| 035 ## - SYSTEM CONTROL NUMBER | |
| System control number | (Sirsi) u151315 |
| 041 0# - LANGUAGE CODE | |
| Language code of text/sound track or separate title | eng |
| 100 1# - MAIN ENTRY--PERSONAL NAME | |
| Personal name | Norris, Daniel |
| 245 00 - TITLE STATEMENT | |
| Title | CVAs and guarantee stripping |
| Remainder of title | "Son of Powerhouse" defeated |
| 260 ## - PUBLICATION, DISTRIBUTION, ETC. | |
| Date of publication, distribution, etc. | 2010 |
| 490 #0 - SERIES STATEMENT | |
| Series statement | Hogan Lovells Real Estate Quarterly |
| Volume/sequential designation | Autumn 2010, 2-3(2) |
| 520 ## - SUMMARY, ETC. | |
| Summary, etc. | Mourant & Co Trustees Limited v Sixty UK Limited (see L151150) saw the revocation of the defendant's company voluntary arrangement (CVA) and pointed to the end of so-called guarantee stripping. Considers the nature of CVAs, their popularity and recent use and their relationship to guarantee stripping. Examines the Mourant decision which has been nicknamed "Son of Powerhous" in detail. Considers in the light of Mourant the government's consultation on a proposed business restructuring moratorium and concludes that it is unlikely to get on to the statute books, leaving CVAs more popular than other insolvency processes. |
| 590 ## - LOCAL NOTE (RLIN) | |
| Local note | KA |
| 650 24 - SUBJECT ADDED ENTRY--TOPICAL TERM | |
| Topical term or geographic name entry element | MOURANT & CO LTD V SIXTY UK LTD (IN ADMINISTRATION) |
| 650 24 - SUBJECT ADDED ENTRY--TOPICAL TERM | |
| Topical term or geographic name entry element | PRUDENTIAL ASSURANCE CO LTD AND OTHERS V PRG POWERHOUSE LTD AND OTHERS |
| 651 #4 - SUBJECT ADDED ENTRY--GEOGRAPHIC NAME | |
| Geographic name | England and Wales |
| Chronological subdivision | 1543- |
| 690 ## - LOCAL SUBJECT ADDED ENTRY--TOPICAL TERM (OCLC, RLIN) | |
| Topical term or geographic name as entry element | PROPERTY-COMMERCIAL PROPERTY-LEASEHOLD COMMERCIAL PROPERTY-COMMERCIAL LANDLORD AND TENANT |
| 700 1# - ADDED ENTRY--PERSONAL NAME | |
| Personal name | Ditchburn, Mathew |
| 856 40 - ELECTRONIC LOCATION AND ACCESS | |
| Uniform Resource Identifier | <a href="https://links.cecollect.com/610/9201/CVAs%20and%20guarantee%20stripping1.pdf">https://links.cecollect.com/610/9201/CVAs%20and%20guarantee%20stripping1.pdf</a> |
| Public note | View the article free of charge at Hogan Lovells website |
| 942 ## - ADDED ENTRY ELEMENTS (KOHA) | |
| Suppress in OPAC | 0 |
| Withdrawn status | Lost status | Source of classification or shelving scheme | Damaged status | Not for loan | Home library | Current library | Shelving location | Date acquired | Total Checkouts | Full call number | Barcode | Date last seen | Price effective from | Koha item type |
|---|---|---|---|---|---|---|---|---|---|---|---|---|---|---|
| Dewey Decimal Classification | Virtual | Virtual | Online | 19/10/2010 | ONLINE PUBLICATION | 151315-2001 | 06/08/2019 | 06/08/2019 | Journal article |